Clic De quel pays vient cette spécialité culinaire ? (1) - Statistiques

Statistiques générales
  • Ce quiz a été pris 52 fois
  • Le résultat moyen est 5 sur 32
Statistiques - réponses
Hint Explanation Réponse % Correct
Toad in the hole Saucisse cuite au four dans une pâte Royaume-Uni
58%
Chuletillas al sarmiento côtelettes d'agneau grillées aux sarments Espagne
51%
Waterzooï soupe de poulet ou de poissons avec des légumes, de la crème et des œufs Belgique
47%
Peixinhos da horta Beignets de légumes Portugal
44%
Rösti galettes de pommes de terre mélangées avec du fromage et des oignons Suisse
33%
Erwtensoep Soupe aux pois Pays-Bas
30%
Surströmming Hareng fermenté Suède
30%
Bollito misto Pot au feu chaud ou froid Italie
28%
Pierogi Ravioles aux fruits Pologne
28%
Spanakópita friand aux épinards Grèce
26%
kalakukko poisson en croûte de seigle Finlande
23%
Svíčková na smetaně rôti de bœuf servi avec une riche sauce aux légumes et à la crème, surmonté d'une cuillerée de confiture d'airelles Tchéquie
16%
Tarator Soupe froide de concombre et de yaourt Albanie
12%
Dibbelabbes Plat de pommes de terre râpées, de lard et de poireaux mijotés à la casserole Allemagne
12%
Leberknödelsuppe consommé aux quenelles de foie Autriche
12%
Feierstengszalot salade de viande de bœuf Luxembourg
12%
Bryndzové halušky quenelles de pommes de terre au fromage de brebis Slovaquie
9%
Tarte Dobos gateau éponge Hongrie
7%
Barmbrack pain agrémenté de raisins secs noirs et blancs Irlande
7%
Hangikjöt viande fumée d'agneau ou de mouton, en général bouillie. Islande
7%
Cicvara ragoût de semoule de maïs Monténégro
7%
rakfisk Truite fermentée Norvège
7%
Alivenci gâteau au fromage frais et à la smântână. Roumanie
7%
Ajvar Condiment à base de piment, de poivron et d'ail Serbie
7%
Oukha soupe de poissons d'eau douce Ukraine
7%
Lukanka Saucisson parfois épicé Bulgarie
5%
frikadeller Boulettes de viande Danemark
5%
Cepelinai boulettes à base de pommes de terre râpées et généralement farcies avec de la viande Lituanie
5%
Goloubtsy Chou farci Russie
5%
Afélia ragoût de porc mariné au vin rouge et relevé avec des graines de coriandre Chypre
2%
Tavče gravče haricots dans un poêlon Macédoine
2%
Kawlata Potée Malte
0%
Aucun quiz correspondant
Distribution des résultats
% des personnes avec chaque résultat
Percentile par nombre de réponses
Votre historique - résultats
Vous n’avez pas pris ce quiz